Исследование процесса бромирования н-гексана тетрафтороброматом бария Ba(BrF4)2; Химия и химическая технология в XXI веке; Т. 2

Detalhes bibliográficos
Parent link:Химия и химическая технология в XXI веке: материалы XV Международной научно-практической конференции студентов и молодых ученых имени профессора Л.П. Кулёва, Томск, 26-29 мая 2014 г.— , 2014
Т. 2.— 2014.— [С. 133-134]
Autor principal: Моисеева Ю. А. Юлия Александровна
Autor Corporativo: Национальный исследовательский Томский политехнический университет (ТПУ) Физико-технический институт (ФТИ) Кафедра химической технологии редких, рассеянных и радиоактивных элементов (№ 43) (ХТРЭ)
Outros Autores: Соболев В. И. Василий Игоревич (научный руководитель), Булименко Е. В., Оствальд Р. В. Роман Вячеславович
Resumo:Заглавие с титульного экрана
Idioma:russo
Publicado em: 2014
Colecção:Химическая технология редких элементов
Assuntos:
Acesso em linha:http://www.lib.tpu.ru/fulltext/c/2014/C27/V2/061.pdf
Formato: MixedMaterials Recurso Electrónico Capítulo de Livro
KOHA link:https://koha.lib.tpu.ru/cgi-bin/koha/opac-detail.pl?biblionumber=607300

MARC

LEADER 00000naa2a2200000 4500
001 607300
005 20231101132439.0
035 |a (RuTPU)RU\TPU\conf\4681 
035 |a RU\TPU\conf\4651 
090 |a 607300 
100 |a 20140708d2014 k y0rusy50 ca 
101 0 |a rus  |g rus 
102 |a RU 
105 |a y z 101zy 
135 |a drnn ---uucaa 
181 0 |a i  
182 0 |a b 
200 1 |a Исследование процесса бромирования н-гексана тетрафтороброматом бария Ba(BrF4)2  |f А. Ю. Моисеева, В. И. Соболев, Е. В. Булименко  |g науч. рук. Р. В. Оствальд 
203 |a Текст  |c электронный 
225 1 |a Химическая технология редких элементов 
230 |a 1 компьютерный файл (pdf; 299 Kb) 
300 |a Заглавие с титульного экрана 
320 |a [Библиогр.: с. 134 (4 назв.)] 
337 |a Adobe Reader 
461 1 |0 (RuTPU)RU\TPU\conf\4064  |t Химия и химическая технология в XXI веке  |o материалы XV Международной научно-практической конференции студентов и молодых ученых имени профессора Л.П. Кулёва, Томск, 26-29 мая 2014 г  |o в 2 т.  |d 2014 
463 1 |0 (RuTPU)RU\TPU\conf\4139  |t Т. 2  |v [С. 133-134]  |d 2014 
610 1 |a труды учёных ТПУ 
610 1 |a электронный ресурс 
610 1 |a исследование 
610 1 |a процессы 
610 1 |a бромирование 
610 1 |a гексан 
610 1 |a тетрафторобромат бария 
610 1 |a исследование 
700 1 |a Моисеева  |b Ю. А.  |c гидрогеолог  |c инженер Томского политехнического университета  |f 1993-  |g Юлия Александровна  |2 stltpush  |3 (RuTPU)RU\TPU\pers\38021 
701 1 |a Соболев  |b В. И.  |c химик-технолог  |c инженер-проектировщик Томского политехнического университета  |f 1989-  |g Василий Игоревич  |2 stltpush  |3 (RuTPU)RU\TPU\pers\30113 
701 1 |a Булименко  |b Е. В. 
702 1 |a Оствальд  |b Р. В.  |c химик-технолог  |c доцент Томского политехнического университета, кандидат химических наук  |f 1980-  |g Роман Вячеславович  |2 stltpush  |4 727 
712 0 2 |a Национальный исследовательский Томский политехнический университет (ТПУ)  |b Физико-технический институт (ФТИ)  |b Кафедра химической технологии редких, рассеянных и радиоактивных элементов (№ 43) (ХТРЭ)  |h 56  |2 stltpush  |3 (RuTPU)RU\TPU\col\18733 
801 2 |a RU  |b 63413507  |c 20190129  |g RCR 
856 4 |u http://www.lib.tpu.ru/fulltext/c/2014/C27/V2/061.pdf 
942 |c BK